| 000 | 01150nam a22003377a 4500 | ||
|---|---|---|---|
| 003 | CHAP | ||
| 005 | 20220329141155.0 | ||
| 008 | 971010s1985 r 00010 d | ||
| 010 | _a63850 | ||
| 011 | _a64822 | ||
| 035 | _a70951 | ||
| 040 | _cCHAP | ||
| 090 | _aTesis | ||
| 100 | 0 | 0 |
_aDíaz Díaz, Leonardo. _933452 |
| 245 | _aEfecto de la harina de barbasco (Dioscorea composita Hemsl.), sobre la actividad reproductiva de la cerda joven | ||
| 260 |
_aChapingo, Méx. : _bEl autor, _c1985 |
||
| 300 | _a36 h. | ||
| 502 | _aTesis (Ing. Agrónomo Esp. en Zootecnia) -- UACH. Departamento de Zootecnia | ||
| 590 |
_aALEPH _b10 _c20130110 _lUCH01 _h1347 |
||
| 590 |
_aBATCH-UPD _b10 _c20130109 _lUCH01 _h2314 |
||
| 590 |
_aBATCH-UPD _b10 _c20130110 _lUCH01 _h0807 |
||
| 590 |
_aBATCH-UPD _b10 _c20130410 _lUCH01 _h0444 |
||
| 590 |
_aBATCH-UPD _b10 _c20130914 _lUCH01 _h0536 |
||
| 590 |
_aCONVERSION _b10 _c20130109 _lUCH01 _h1334 |
||
| 650 | 1 | 4 |
_aBarbasco. _910089 |
| 650 | 1 | 4 |
_aGanado porcino _xFecundidad. _945369 |
| 901 | _aBK | ||
| 942 | _cTESIS | ||
| 949 |
_aD397 _bZ _cTESBD _d-3542 _eTS1 _i70951 _si |
||
| 949 |
_bBC _cTES _d-140931 _eTS1 _h19340 _i70951 _si |
||
| 999 |
_c63850 _d63850 |
||